20 Largest cities in Italy - Statistics

General Stats
  • This quiz has been taken 44 times
  • The average score is 15 of 20
Answer Stats
Population Answer % Correct
2,617,175 Rome
100%
261,362 Venice
100%
358,079 Florence
98%
1,242,123 MIlan
95%
962,003 Naples
95%
872,367 Turin
95%
586,180 Genoa
93%
657,651 Palermo
93%
371,337 Bologna
90%
252,520 Verona
80%
315,933 Bari
78%
293,902 Catania
68%
202,123 Trieste
68%
175,895 Parma
66%
243,262 Messina
56%
206,192 Padua
54%
189,902 Brescia
51%
179,149 Modena
44%
200,154 Taranto
44%
185,456 Prato
32%
No matching quizzes found
Score Distribution
Percent of People with Each Score
Percentile by Number Answered
Your Score History
You have not taken this quiz